States that voted for Trump (Republican) in 2024 - Statistics

General Stats
  • This quiz has been taken 193 times
  • The average score is 27 of 31
Answer Stats
% for
Trump
State % Correct
56% Texas
97%
51% Georgia
95%
65% Alabama
94%
56% Florida
92%
56% Alaska
91%
52% Arizona
91%
67% North Dakota
91%
59% Montana
90%
64% South Dakota
90%
72% Wyoming
89%
64% Arkansas
88%
67% Idaho
88%
56% Iowa
88%
65% Kentucky
88%
50% Michigan
88%
51% North Carolina
88%
55% Ohio
88%
51% Nevada
87%
58% South Carolina
87%
59% Indiana
86%
60% Nebraska
86%
66% Oklahoma
86%
50% Wisconsin
86%
57% Kansas
85%
62% Mississippi
85%
64% Tennessee
85%
60% Louisiana
83%
59% Missouri
83%
50% Pennsylvania
83%
61% Utah
82%
70% West Virginia
82%
No matching quizzes found
Score Distribution
Percent of People with Each Score
Percentile by Number Answered
Your Score History
You have not taken this quiz